|
|
|
|
| LEADER |
01352naa a2200289 i 4500 |
| 001 |
acta89723 |
| 005 |
20260302134341.0 |
| 008 |
260302s2024 hu o 100 eng d |
| 020 |
|
|
|a 978-963-306-980-6
|
| 040 |
|
|
|a SZTE Egyetemi Kiadványok Repozitórium
|b hun
|
| 041 |
|
|
|a eng
|
| 100 |
1 |
|
|a Pavlovic Ivan
|
| 245 |
1 |
0 |
|a Biodiversity, prevalence and season distribution of ticks of small ruminants in Northwest part of Serbia
|h [elektronikus dokumentum] :
|b [abstract] /
|c Pavlovic Ivan
|
| 260 |
|
|
|a Szegedi Tudományegyetem Mezőgazdasági Kar
|b Hódmezővásárhely
|c 2024
|
| 300 |
|
|
|a 112
|
| 490 |
0 |
|
|a Wellmann International Scientific Conference
|v 21
|
| 650 |
|
4 |
|a Mezőgazdaság-tudományok
|
| 650 |
|
4 |
|a Állatorvosi tudományok
|
| 695 |
|
|
|a Kullancs - fertőzés - Szerbia - előadáskivonat, Fertőző betegségek - zoonózisok - Szerbia - előadáskivonat, Parazitológia - állati - Szerbia - előadáskivonat
|
| 700 |
0 |
2 |
|a Caro-Petrovic Violeta
|e aut
|
| 700 |
0 |
2 |
|a Bojkovski Jovan
|e aut
|
| 700 |
0 |
2 |
|a Tasic Aleksandra
|e aut
|
| 700 |
0 |
2 |
|a Minic Stanko
|e aut
|
| 700 |
0 |
2 |
|a Ucajev Igor
|e aut
|
| 700 |
0 |
2 |
|a Karapetkovska-Hristova Vesna
|e aut
|
| 711 |
|
|
|a 21th Wellmann International Scientific Conference
|c Hódmezővásárhely
|d 2024. április 18.
|
| 856 |
4 |
0 |
|u http://acta.bibl.u-szeged.hu/89723/1/wellmann_abstracts_2024_112.pdf
|z Dokumentum-elérés
|